| 000 | 02767nam a2200493Ii 4500 | ||
|---|---|---|---|
| 001 | DIGIBE0314 | ||
| 003 | NyNyDIG | ||
| 006 | m o d | ||
| 007 | cr ||||||||||| | ||
| 008 | 130201s2000 sp a ob 100 0 spa d | ||
| 020 |
_z9788495107930 _q(Iberoamericana) |
||
| 020 |
_z8495107937 _q(Iberoamericana) |
||
| 020 |
_z9783893547845 _q(Vervuert) |
||
| 020 |
_z3893547843 _q(Vervuert) |
||
| 035 | _a(OCoLC)655067933 | ||
| 040 |
_aDGITA _beng _epn _cDGITA |
||
| 043 | _ae-sp--- | ||
| 050 | 1 | 4 | _aP115.5.S7 eBook |
| 111 | 2 |
_aJornadas Hispánicas (Sociedad Suiza de Estudios Hispánicos) _d(1997) |
|
| 245 | 1 | 0 |
_aIdentidades lingüísticas en la España autonómica : _bactas de las Jornadas Hispánicas 1997 de la Sociedad de Estudios Hispánicos / _cGeorg Bossong, Francisco Báez de Aguilar González (eds.). |
| 264 | 1 |
_aMadrid : _bIberoamericana ; _aFrankfurt am Main : _bVervuert, _c2000. |
|
| 300 |
_a1 online resource (189 pages) : _bill. |
||
| 336 |
_atext _btxt _2rdacontent |
||
| 337 |
_acomputer _bc _2rdamedia |
||
| 338 |
_aonline resource _bcr _2rdacarrier |
||
| 490 | 1 |
_aLingüística iberoamericana ; _vv. 14. |
|
| 504 | _aIncludes bibliographical references (p. 184-186). | ||
| 505 | 0 | _aPrólogo -- Cuatro idiomas para un Estado - ¿cuántos para una Región Autónoma? Observaciones acerca del debate sobre plurilingüismo y política lingüística en España / Christine Bierbach -- La investigación sociolingüística en los Países Catalanes / Miquel Strubell i Trueta -- Perspectivas de la política lingüística en Cataluña / Yvonne Griley Martínez -- La política lingüística en la Comunidad Autónoma Vasca / Josune Ariztondo Akarregi -- Entre castellano y portugués: La identidad lingüística del gallego / Mauro Fernández Rodríguez -- Identidad y variación lingüística: Prestigio nacional y lealtad vernacular en el español hablado en Andalucía / Juan Andrés Villena Ponsoda -- Los andaluces en busca de su identidad / Francisco Báez de Aguilar González. | |
| 650 | 0 |
_aMultilingualism _zSpain _vCongresses. |
|
| 650 | 0 |
_aCultural pluralism _zSpain _vCongresses. |
|
| 650 | 0 |
_aEthnicity _zSpain _vCongresses. |
|
| 650 | 0 |
_aLinguistic minorities _zSpain _vCongresses. |
|
| 651 | 0 |
_aSpain _xLanguages _vCongresses. |
|
| 655 | 0 | _aElectronic books. | |
| 700 | 1 | _aBossong, Georg. | |
| 700 | 1 | _aBáez de Aguilar González, Francisco. | |
| 710 | 2 | _aSociedad Suiza de Estudios Hispánicos. | |
| 791 | 2 |
_aDigitalia (Firm), _edistributor. |
|
| 830 | 0 |
_aLingüística iberoamericana ; _vv. 14. |
|
| 793 | 0 |
_gDigitalia eBook Collection: _aIberoamericana/Vervuert. |
|
| 856 | 4 | 0 |
_3Digitalia Hispánica _uhttps://www.digitaliapublishing.com/a/18976/ |
| 910 | _aPremium Collection: 2007-2012 | ||
| 942 | _cRAA | ||
| 999 |
_c236199 _d236199 |
||